01011 2200361 4500001002100000005001500021035002000036245007800056100003300134250000600167300004000173740005400213700002900267264005000296336003900346337003000385338002300415082000800438084001700446020002200463008004100485990001100526990001100537990001100548990001100559990001100570990001100581990001100592990001100603990001100614990001100625990001300636INLIS00000000000000920240820074345 a0010-06220000061 aAl-Qur'an & Hadis X :buntuk Kelas X Madrasah Aliyah /cLilis Fauziyah RA0 aLilis Fauziyah RAePengarang a2 a254 :bIlustrasi ;c17.6 cm x 25 cm aAl-Qur'an dan Hadis untuk Kelas X Madrasah Aliyah0 aAndi SetyawanePengarang aSolo :bTiga Serangkai Pustaka Mandiri,c2020 2rdacontentaIlmu Qur'an (Lanjutan) 2rdamediaaTanpa Perantara 2rdacarrieraVolume a297 a297.01 LIL a a978-623-269-001-1240820 0  a220029 a220030 a220031 a220032 a220033 a220034 a220035 a220036 a220037 a220038 a24000331